000 00390pab a2200169 454500
008 180718b2011 xxu||||| |||| 00| 0 eng d
100 _aRay, Sankar
245 _aCPI-M: A victim of `unreconstructed Stalinism'
260 _c2011
300 _ap.33-34.
362 _a30 Sep
650 _aCPI-M
650 _aPolitical parties
773 _aMainstream
908 _aN
909 _a93173
999 _c93173
_d93173